Rulers of Brazil - Statistics

General Stats
  • This quiz has been taken 42 times
    19 since last reset
  • The average score is 23 of 46
Answer Stats
Period Ruler % Correct
1822 - 1831 Dom Pedro I
93%
1831 - 1889 Dom Pedro II
93%
2003 - 2010 Luiz Inácio Lula da Silva
93%
2023 - Luiz Inácio Lula da Silva
93%
2019 - 2022 Jair Bolsonaro
86%
2011 - 2016 Dilma Rousseff
79%
2016 - 2018 Michel Temer
79%
1995 - 2002 Fernando Henrique Cardoso
71%
1930 - 1937 Getúlio Vargas
71%
1937 - 1945 Getúlio Vargas
71%
1951 - 1954 Getúlio Vargas
71%
1961 - 1964 João Goulart
71%
1889 - 1891 Deodoro da Fonseca
64%
1990 - 1992 Fernando Collor
64%
1891 - 1894 Floriano Peixoto
64%
1964 - 1967 Humberto Castelo Branco
64%
1926 - 1930 Washington Luís
64%
1974 - 1979 Ernesto Geisel
57%
1910 - 1914 Hermes da Fonseca
57%
1992 - 1994 Itamar Franco
57%
1961 Jânio Quadros
57%
1985 - 1990 José Sarney
57%
1956 - 1961 Juscelino Kubitschek
57%
- Pedro Aleixo
57%
1967 - 1969 Artur da Costa e Silva
50%
1969 - 1974 Emílio Garrastazu Médici
50%
1979 - 1985 João Figueiredo
50%
- Tancredo Neves
50%
1946 - 1951 Eurico Gaspar Dutra
43%
1909 - 1910 Nilo Peçanha
43%
1954 - 1955 Café Filho
36%
- Júlio Prestes
36%
1894 - 1898 Prudente de Morais
36%
1922 - 1926 Artur Bernardes
21%
1898 - 1902 Campos Sales
21%
1961 Ranieri Mazzilli
21%
1964 Ranieri Mazzilli
21%
1955 Carlos Luz
14%
1919 - 1922 Epitácio Pessoa
14%
1945 - 1946 José Linhares
14%
1955 - 1956 Nereu Ramos
14%
1902 - 1906 Rodrigues Alves
14%
- Rodrigues Alves
14%
1914 - 1918 Venceslau Brás
14%
1906 - 1909 Afonso Pena
7%
1918 - 1919 Delfim Moreira
7%
No matching quizzes found
Score Distribution
Percent of People with Each Score
Percentile by Number Answered
Your Score History
You have not taken this quiz since the last reset